000 01486nam0a2200349 i 4500
001 RU\NLR\BIBL_A\010352183
005 20240921165201.0
010 _a9785392131471
_9300
021 _aRU
_b2014-15889
_91017
035 _a(NILC)RuMoRGB-006758699
035 _a(NLR Aleph) 010352183
090 _a10750554
_c10750554
100 _a20140430d2014 um y0rusy50 ca
101 0 _arus
102 _aRU
105 _ay|||j||||01yy
200 1 _aВведение в право ВТО
_eкурс антидемпингового регулирования
_eучебное пособие
_fР. А. Шепенко
210 _aМосква
_cПроспект
_d2014
215 _a214, [1] с.
_d22
300 _aВ конце кн. авт.: Шепенко Р. А., проф., д. ю. н.
320 _aБиблиогр.: с. 192-203 (251 назв.) и в подстроч. примеч.
320 _aДр. произведения авт. в конце кн.
606 1 _aАнтидемпинг
_jУчебные издания для высших учебных заведений
_xМеждународно-правовые вопросы
_92270201
_3RU\NLR\AUTH\661360720
675 _a339.5(075.8)
686 1 _aХ916.1я73
700 1 _aШепенко
_bР. А.
_gРоман Алексеевич
801 0 _aRU
_bRuMoRKP
_c20140306
_gRCR
801 2 _aRU
_bРГБ
_c20140401
_grcr
942 _cBOOK
980 _aNBR